International economics

Gespeichert in:
Bibliographische Detailangaben
1. Verfasser: Feenstra, Robert C.
Weitere Verfasser: Taylor, Alan M.
Format: Buch
Sprache:Englisch
Veröffentlicht: New York Worth Publishers 2012
Ausgabe:3rd ed.
Schlagworte:
Tags: Tag hinzufügen
Keine Tags, Fügen Sie das erste Tag hinzu!

MARC

LEADER 00000nam a2200000 4500
001 0233261
005 20230109114559.4
020 |a 978-1-4292-7842-3 
020 |a 1-4292-7842-0 
041 0 |a eng 
044 |a US 
245 1 0 |a International economics  |c Robert C. Feenstra, Alan M. Taylor 
250 |a 3rd ed. 
264 1 |a New York  |b Worth Publishers  |c 2012 
300 |a 926 s. 
610 2 0 |a ekonómia 
610 2 0 |a obchod medzinárodný 
610 2 0 |a hospodárstvo svetové 
610 2 0 |a globalizácia 
610 2 0 |a modely ekonometrické 
610 2 0 |a pohyb síl pracovných 
610 2 0 |a pohyb kapitálu 
610 2 0 |a politika obchodná 
610 2 0 |a makroekonomika 
610 2 0 |a internacionalizácia ekonomiky 
610 2 0 |a kurz devízový 
610 2 0 |a bilancia platobná 
610 2 0 |a politika peňažná 
610 2 0 |a euro 
100 1 |a Feenstra, Robert C. 
700 1 |a Taylor, Alan M.